00669 a2200169 4500003000500000005001700005040000900022082001200031100003600043245009800079260003200177300001500209505021900224538003000443650001400473651001200487Nust20170207153220.0 cNust a621.382 aAfzal, Munir Nauman (MSEE-10) aStudy of seamless handoff issues of mobile IP in wireless data networkscNauman Munir Afzal  bMCS, NUSTc2008aRawalpindi axii,61, p. aIntroduction (page-1) Mobile IP (page-8) Handoff minimization techniques (page-18) Location update table based MIP scheme (page-35) Simulation analysis of the proposed handoff scheme (page-41)Conclusions (page-57). aAlmirah No 69 Shelf No 2  aMS Thesis aMSEE-10